000 00539nam a2200157 a 4500
008 120416s0000 ||||||||||||||||| || u
020 _a083060927x
050 _aTK 7878 Got
100 _aGottlieb, Irving M
245 1 0 _aBasic electronic test procedures
250 _a2nd ed.
260 _aBlue Ridge Summit,PA.
_bTAB Books
_c1985
300 _aix,356p. : ill.
350 _a0.00
995 _D0.00
_FCBU-MAIN LIBRARY (Kitwe)
_H1
_I23.95
_UAVAILABLE
_ZMain Library Open Access Collection
999 _c35535
_d35535